Statistics for 30 most populous cities in Europe

Click here to take the quiz!

General Stats

  • This quiz has been taken 71 times
    (70 since last reset)
  • The average score is 24 of 30

Answer Stats

CountryRankAnswer% Correct
Germany5Berlin
98%
United Kingdom3London
98%
Russia2Moscow
98%
France10Paris
98%
Italy8Rome
98%
Spain6Madrid
97%
Spain17Barcelona
95%
Turkey1Istanbul
95%
Ukraine7Kyiv
94%
Russia4St. Petersburg
94%
Poland13Warsaw
94%
Austria12Vienna
92%
Hungary15Budapest
90%
Italy20Milan
90%
Germany18Munich
90%
Romania9Bucharest
87%
Czech Republic22Prague
87%
Bulgaria21Sofia
87%
Germany14Hamburg
85%
Belarus11Minsk
85%
United Kingdom26Birmingham
81%
Serbia16Belgrade
79%
Germany29Cologne
66%
Ukraine19Kharkiv
52%
Russia24Nizhny Novgorod
48%
Russia23Kazan
44%
Russia27Rostov-on-Don
39%
Russia25Samara
34%
Russia28Ufa
34%
Russia30Voronezh
24%

Score Distribution

Percentile by Number Answered

Percent of People with Each Score

Your Score History

You have not taken this quiz since the last reset